Geography Trivia- Thursday Thirties Week 4 - Statistics

General Stats
  • This quiz has been taken 4 times
  • The average score is 11 of 30
Answer Stats
Question Answer % Correct
What is generally regarded as the westernmost point of the contiguous United States? Cape Alava, Washington
100%
Baarle-Hertog is a Belgian municipality surrounded by the Netherlands. It's made up of several enclaves and counter-enclaves. How many parcels of land make up Baarle-Hertog? 26
67%
Which South American country has coastlines on both the Caribbean Sea and the Pacific Ocean? Colombia
67%
Which country is split into Peninsular and East regions separated by the South China Sea? Malaysia
67%
Which country's Chatham Islands use a time zone 45 minutes ahead of its main islands? New Zealand
67%
Svalbard, the Arctic archipelago that includes Longyearbyen, is part of which country? Norway
67%
Which Caribbean island is split between France and the Kingdom of the Netherlands? Saint Martin/ Sint Maarten
67%
Which Central Asian country is one of only two doubly landlocked countries in the world? Uzbekistan
67%
Standing on the northwestern border with South Africa, what is the height of Emlembe, the highest point in Eswatini? 1,862 meters
33%
Cabinda is a coastal exclave separated from the rest of which country by the Democratic Republic of the Congo? Angola
33%
What are Akrotiri and Dhekelia, located on the island of Cyprus? British Sovereign Base Areas
33%
Which small Southeast Asian country is split into two disconnected segments by Malaysia's Sarawak state? Brunei
33%
🌊 From downtown Detroit, Michigan, which country lies directly south across the Detroit River? Canada
33%
Which country gained a small land border with Denmark in 2022 with the split of Hans Island? Canada
33%
Brazil borders every sovereign country in mainland South America except which two? Chile and Ecuador
33%
Which of the following is the most accurate translation of the Central African Republic nation motto “Zo Kwe Zo” Each Person is a Person
33%
Oecusse-Ambeno is an exclave separated from the rest of its country by Indonesian territory. Which country does it belong to? East Timor
33%
Which country designated Ciudad de la Paz as its new capital in January 2026, replacing Malabo? Equatorial Guinea
33%
Which country is known as the world's lowest-lying country, with an average natural elevation of about 1.5 metres above sea level? Maldives
33%
Of the eight Pacific islands categorized as U.S. Minor Outlying Islands, which is the only one NOT considered a coral atoll? Midway Atoll
33%
Russia shares a short land border, about 11 miles (17 km) long, with which Asian country? North Korea
33%
Madha is an exclave inside the United Arab Emirates and contains the UAE counter-enclave of Nahwa. Which country is Madha part of? Oman
33%
Bratislava sits close to the borders with both Austria and Hungary. Which country is it the capital of? Slovakia
33%
What does the Arabic name for Cairo, al-Qāhirah, translate to in English? The Victorious
33%
The remote Kerguelen Islands in the southern Indian Ocean are administered by which country? France
0%
Campione, a small exclave on Lake Lugano completely surrounded by Switzerland, is part of which country? Italy
0%
Point Nemo, the point farthest away from land on earth, is located in which ocean? Pacific Ocean
0%
Iquitos, a large Amazon city reached from outside mainly by river or air rather than road, is in which country? Peru
0%
The Danube Delta, where the Danube flows into the Black Sea, lies mostly in which country? Romania
0%
As of 2026, what is the official currency used in Ecuador? The American Dollar
0%
No matching quizzes found
Score Distribution
Percent of People with Each Score
Percentile by Number Answered
Your Score History
You have not taken this quiz